| 000 | 00741nam a2200289 i 4500 | ||
|---|---|---|---|
| 001 | 000019759 | ||
| 003 | DO-SdBNP | ||
| 005 | 20230612094448.0 | ||
| 007 | ta | ||
| 008 | 100705s19? ck a r 000 f spa d | ||
| 040 |
_aDO-SdBNP _bspa _cBNPHU _erda |
||
| 082 |
_bM358f _222 |
||
| 100 | _942216 | ||
| 245 | 1 | 0 |
_aLos fundamentos de la libertad / _cDomingo Marrero |
| 264 |
_a[sin lugar ] : _b[sin nombre], _c[sin fecha]. |
||
| 300 |
_a20 paginas. ; _c25 cm. |
||
| 336 |
_2rdacontent _atexto _btxt |
||
| 337 |
_2rdamedia _asin mediación _bn |
||
| 338 |
_2rdacarrier _avolumen _bnc |
||
| 590 | _aInventariado, 2023 / DG | ||
| 650 | _91075 | ||
| 650 | _91074 | ||
| 700 | _91338 | ||
| 830 | _942217 | ||
| 910 | _aDG | ||
| 942 |
_2ddc _cLF2 |
||
| 999 |
_c53769 _d53769 |
||